000 01028nam a2200253 a 4500
001 74052
003 BD-RjUL
005 20211209082501.0
008 180206s2017 bg |||| b||| 000 0 ben d
020 _a9789849149248
_cTk. 450.00
035 _a(BD-RjUL)74270
040 _aBD-RjUL
_beng
_cBD-RjUL
041 _aben
082 _2016.398
_aMAF
_b2017
100 _aমাহমুদ, মুহাম্মদ সুলতান
_9220070
245 1 0 _aফোকলো্র রচনাপঞ্জি = Bibliography of Folklore /
_cমুহাম্মদ সুলতান মাহমুদ , রওশন জাহিদ
260 _aঢাকা :
_bআপন প্রকাশ ,
_c২০১৭
300 _a২৪৮ পৃ. ;
_c২১ সেমি.
504 _aগ্রন্থপঞ্জি সম্বলিত
650 _aফোকলো্র
_vরচনাপঞ্জি
_9220071
650 _aFolklore
_vBibliography
_9220072
700 _aজাহিদ, রওশন
_9220073
942 _2ddc
_cBK
999 _c74052
_d74052